Science Quiz

Random Science or Animal Quiz

Animals by Nose Close-Up Quiz Stats

 Plays Quiz Updated Sep 10, 2015

Challenge
Share
Tweet
Score 0/20 Timer 04:00
2 Plays Today
animal % Correct
Lion
98.4%
Pig
98%
Elephant
97.8%
Cow
96.7%
Bloodhound
96.5%
Rabbit
95.2%
Tiger
92.4%
Horse
86.7%
Grizzly Bear
85.8%
Frog
84%
animal % Correct
Rhinoceros
78.4%
Great White
78%
Giraffe
70.9%
Walrus
63.7%
Star-nosed Mole
55.3%
Raccoon
53%
Vulture
52.5%
Bald Eagle
51.3%
Squirrel
44.3%
Koala
38.4%

You're not logged in!

Compare scores with friends on all Sporcle quizzes.
Join for Free
OR
Log In

You Might Also Like...

Show Comments

Extras

Top Quizzes Today


Score Distribution

Your Account Isn't Verified!

In order to create a playlist on Sporcle, you need to verify the email address you used during registration. Go to your Sporcle Settings to finish the process.

Report this User

Report this user for behavior that violates our Community Guidelines.

Details: